000
00212 a2200097 4500
001
1751
100
_a
Moore, F.G.
245
_a
Management Organization and practice
260
_a
_b
Herper
_c
090
_c
1287
_d
1287
942
_a
NUST-CAE
_c
M
_c
3191
999
_c
236824
_d
236824